书目信息 |
| 题名: |
现代控制理论概论
|
|
| 作者: | 常春馨 编 | |
| 分册: | ||
| 出版信息: | 北京 机械工业出版社 1982 |
|
| 页数: | 333页 | |
| 开本: | 25cm | |
| 丛书名: | ||
| 单 册: | ||
| 中图分类: | TP13 , TP273 | |
| 科图分类: | ||
| 主题词: | 自动控制理论 , 自动化系统 | |
| 电子资源: | ||
| ISBN: | ||
| 000 | 00682nam0 2200265 45 | |
| 001 | 0182007177 | |
| 005 | 20040519162106.9 | |
| 010 | @dCNY2.20 | |
| 091 | @a15033.5089 | |
| 100 | @a19950407d1982 em y0chiy0121 ea | |
| 101 | 0 | @achi |
| 102 | @aCN@b110000 | |
| 105 | @ay z 000yy | |
| 106 | @ar | |
| 200 | 10 | @a现代控制理论概论@Axian dai kong zhi li lun gai lun@f常春馨编 |
| 210 | @a北京@c机械工业出版社@d1982 | |
| 215 | @a333页@d25cm | |
| 606 | @a自动控制理论 | |
| 606 | 0 | @a自动化系统 |
| 690 | @aTP13@v3 | |
| 690 | @aTP273 | |
| 701 | 0 | @a常春馨@Achang chun xin@4编 |
| 801 | 0 | @aCN@b上海图书馆@c20040519 |
| 801 | 2 | @aCN@bNLC@c20040519 |
| 905 | @f1@b118063@dTP273@e10 | |
| 现代控制理论概论/常春馨编.-北京:机械工业出版社,1982 |
| 333页;25cm |
| ISBN :CNY2.20 |
| ● |
| 相关链接 |
|
|
|
|
正题名:现代控制理论概论
索取号:TP273/10
 
预约/预借
| 序号 | 登录号 | 条形码 | 馆藏地/架位号 | 状态 | 备注 |
| 1 | 0061219 | 000701636 | 密集书库/ [索取号:TP273/10] | 在馆 | |
| 2 | 0118061 | 202360060 | 密集书库/ [索取号:TP273/10] | 在馆 | |
| 3 | 0118062 | 202360079 | 密集书库/ [索取号:TP273/10] | 在馆 | |
| 4 | 0118063 | 001328441 | 第三借阅区/ [索取号:TP273/10] | 在馆 | |
| 5 | 0118064 | 001328432 | 密集书库/ [索取号:TP273/10] | 在馆 | |
| 6 | 0118065 | 001328405 | 第二样本阅览室/ [索取号:TP273/10] | 在馆 |